La Comunicació local a Catalunya 2000
Descripción Física:
32 p. : taules; 30 cm
MARC
| LEADER | 00000nam a2200000Ia 4500 | ||
|---|---|---|---|
| 001 | 24236 | ||
| 008 | 160829s2000 xx 000 0 cat d | ||
| 080 | |a FU-63-30 | ||
| 100 | |a Observatori de la Comunicació Local |9 49983 | ||
| 245 | |a La Comunicació local a Catalunya 2000 | ||
| 260 | |a Barcelona : |b Diputació de Barcelona, |c 2000 | ||
| 300 | |a 32 p. : |b taules; |c 30 cm | ||
| 590 | |a Part de: Informe de la comunicació a Catalunya 2000, editat per Maria Corominas i Miquel de Moragas Spà. | ||
| 590 | |a Bibliografia | ||
| 650 | |a Mitjans de comunicació de massa locals |x Catalunya |9 34247 | ||
| 710 | 1 | |a Barcelona (Catalunya : Província). |b Diputació |9 52408 | |
| 901 | |a Arxiu | ||
| 942 | |n 1 | ||
| 952 | |0 0 |1 0 |4 0 |6 FU6330 |7 1 |9 55716 |a Arxiu |b Arxiu |d 2016-12-01 |l 0 |o FU-63-30 |p 24236 |r 2016-12-01 00:00:00 |w 2016-12-01 |y ARXIU | ||
| 999 | |c 59589 |d 59589 | ||